<?xml version="1.0" encoding="UTF-8"?>
<record
    xmlns:xsi="http://www.w3.org/2001/XMLSchema-instance"
    xsi:schemaLocation="http://www.loc.gov/MARC21/slim http://www.loc.gov/standards/marcxml/schema/MARC21slim.xsd"
    xmlns="http://www.loc.gov/MARC21/slim">

  <leader>01204nam a2200265 a 4500</leader>
  <controlfield tag="001">BRL_1342</controlfield>
  <controlfield tag="005">20190320211146.0</controlfield>
  <controlfield tag="008">070114s1994----mx-#######---#000-0#spa-#</controlfield>
  <datafield tag="041" ind1=" " ind2=" ">
    <subfield code="a">spa</subfield>
  </datafield>
  <datafield tag="044" ind1=" " ind2=" ">
    <subfield code="a">mx</subfield>
  </datafield>
  <datafield tag="050" ind1=" " ind2="4">
    <subfield code="a">F1221.T9</subfield>
    <subfield code="b">.P74 1994</subfield>
  </datafield>
  <datafield tag="245" ind1="1" ind2="0">
    <subfield code="a">Presencia de Calixta Guiteras Holmes en Chiapas</subfield>
    <subfield code="c">V&#xED;ctor Manuel Esponda Jimeno ... [et al.].</subfield>
  </datafield>
  <datafield tag="260" ind1=" " ind2=" ">
    <subfield code="a">Tuxtla Guti&#xE9;rrez, Chiapas, M&#xE9;xico</subfield>
    <subfield code="b">Gobierno del Estado de Chiapas, Consejo Estatal de Fomento a la Investigaci&#xF3;n y Difusi&#xF3;n de la Cultura DIF-CHIAPAS, Instituto Chiapaneco de Cultura</subfield>
    <subfield code="c">1994</subfield>
  </datafield>
  <datafield tag="300" ind1=" " ind2=" ">
    <subfield code="a">68 p.</subfield>
    <subfield code="c">22 cm.</subfield>
  </datafield>
  <datafield tag="440" ind1=" " ind2="0">
    <subfield code="a">Cuadernos ocasionales</subfield>
    <subfield code="9">421</subfield>
  </datafield>
  <datafield tag="505" ind1="0" ind2=" ">
    <subfield code="a">Visi&#xF3;n del mundo y sistemas de creencias en San Pedro Chenalh&#xF3; (in&#xE9;dito) por Calixta Guiteras Holmes, p. 25-68</subfield>
  </datafield>
  <datafield tag="600" ind1="1" ind2="4">
    <subfield code="a">Guiteras Holmes, Calixta</subfield>
    <subfield code="d">1905-1988</subfield>
    <subfield code="9">26581</subfield>
  </datafield>
  <datafield tag="650" ind1="1" ind2="4">
    <subfield code="a">Ind&#xED;genas Tzotzil</subfield>
    <subfield code="9">23239</subfield>
  </datafield>
  <datafield tag="650" ind1="1" ind2="4">
    <subfield code="a">Etnologistas</subfield>
    <subfield code="v">Biograf&#xED;a</subfield>
    <subfield code="z">Cuba</subfield>
    <subfield code="9">26582</subfield>
  </datafield>
  <datafield tag="651" ind1=" " ind2="4">
    <subfield code="a">Chenalh&#xF3; (M&#xE9;xico)</subfield>
    <subfield code="x">Vida social y costumbres</subfield>
    <subfield code="9">26583</subfield>
  </datafield>
  <datafield tag="700" ind1="1" ind2=" ">
    <subfield code="a">Esponda Jimeno, V&#xED;ctor Manuel</subfield>
    <subfield code="9">26584</subfield>
  </datafield>
  <datafield tag="740" ind1="0" ind2=" ">
    <subfield code="a">Visi&#xF3;n del mundo y sistemas de creencias en San Pedro Chenalh&#xF3;</subfield>
  </datafield>
  <datafield tag="740" ind1="0" ind2=" ">
    <subfield code="a">World view and belief system in San Pedro Chenalh&#xF3;</subfield>
  </datafield>
  <datafield tag="942" ind1=" " ind2=" ">
    <subfield code="2">lcc</subfield>
    <subfield code="c">B</subfield>
  </datafield>
  <datafield tag="999" ind1=" " ind2=" ">
    <subfield code="c">10154</subfield>
    <subfield code="d">10154</subfield>
  </datafield>
  <datafield tag="952" ind1=" " ind2=" ">
    <subfield code="0">0</subfield>
    <subfield code="1">0</subfield>
    <subfield code="4">0</subfield>
    <subfield code="7">0</subfield>
    <subfield code="a">BRL</subfield>
    <subfield code="b">BRL</subfield>
    <subfield code="d">2014-01-07</subfield>
    <subfield code="l">0</subfield>
    <subfield code="o">F1221.T9 .P74 1994</subfield>
    <subfield code="p">00026</subfield>
    <subfield code="r">2019-03-22 00:00:00</subfield>
    <subfield code="w">2019-03-22</subfield>
    <subfield code="y">B</subfield>
  </datafield>
</record>
